डॉक्टर नसेल तेथे (Record no. 1028622)

MARC details
000 -LEADER
fixed length control field 00662nam a2200181Ia 4500
008 - FIXED-LENGTH DATA ELEMENTS--GENERAL INFORMATION
fixed length control field 151018s9999 xx 000 0 und d
082 ## - DEWEY DECIMAL CLASSIFICATION NUMBER
Item number RBASDV29056
Classification number 610
100 ## - MAIN ENTRY--PERSONAL NAME
Personal name वेर्णर डेव्हिड
245 ## - TITLE STATEMENT
Title डॉक्टर नसेल तेथे
250 ## - EDITION STATEMENT
Remainder of edition statement 4
260 ## - PUBLICATION, DISTRIBUTION, ETC. (IMPRINT)
Name of publisher, distributor, etc सुमंगल पब्लिकेशन कंपनी मुंबई
Date of publication, distribution, etc 1995
300 ## - PHYSICAL DESCRIPTION
Extent 263
600 ## - SUBJECT ADDED ENTRY--PERSONAL NAME
Personal name वेर्णर डेव्हिड
630 ## - SUBJECT ADDED ENTRY--UNIFORM TITLE
Uniform title डॉक्टर नसेल तेथे
700 ## - ADDED ENTRY--PERSONAL NAME
Personal name वेर्णर डेव्हिड
730 ## - ADDED ENTRY--UNIFORM TITLE
Uniform title डॉक्टर नसेल तेथे
942 ## - ADDED ENTRY ELEMENTS (KOHA)
Koha item type Book
Holdings
Withdrawn status Lost status Damaged status Not for loan Home library Current library Date acquired Cost, normal purchase price Total Checkouts Full call number Barcode Date last seen Cost, replacement price Price effective from Koha item type
        R.B. Anant Shivaji Desai Vachanalaya and Granthalaya, Kudal R.B. Anant Shivaji Desai Vachanalaya and Granthalaya, Kudal 05/27/2009 26.00   RBASDV29056 RBASDV29056 10/18/2015 26.00 10/18/2015 Book